1799 1183 1993 1533 1522 1349 1355 1001 1647 1115 1276 1432 1417 1607 1372 1157 1184 1169 1492 1104 1476 1325 1352 1688 2000 1101 1289 1754 1505 1782 1297 1047 1280 1659 1919 1786 1216 1224 1437 1569 1717 1713 1202 1712 1827 1584 1433 1607 1849 1484 1028 1161 1380 1815 1298 1254 1052 1020 1433 1963 1226 1384 1178 1371 1256 1794 1125 1530 1341 1323 1727 1654 1544 1034 1407 1235 1544 1292 1611 1750 1520 1151 1499 1151 1025 1479 1050 1533 1808 1571 1565 1849 1426 1832 1805 1905 1126 1970 1738 BCNSPRNW ULIB Ver.6.0+V

เปลี่ยนเป็นภาษาไทย

Change to English
 แสดงรายละเอียดบรรณานุกรม
  กลับหน้าหลัก

Brief Record : Get Marc (ISO 2709) : E-mail record : QR code < ปิดหน้าต่าง
LEADER : 00000nam 2200000uu 4500
001    13399121587
003     ULIB
008    110627s2553||||th 000 0 tha d
020    9786165000543
090    นว.^bอ998ค
100 0  ไอศิยา
245 00 คลื่นรีักทะเลปรวน/^cไอศิยา
250    พิมพ์ครั้งที่ 1
260    กรุงเทพฯ :^bพิมพ์คำ,^c2553
300    334 หน้า
710 1  พิมพ์คำ
945    ^p220^l0^i028014
995    ทศพร
999 ^a ใช้งานได้ทุกระบบ
รายการนี้ยังไม่มีแท็ก
คุณยังไม่ได้ล็อกอิน คุณสามารถมีกิจกรรมร่วมกับเว็บไซต์ได้ แต่ต้องล็อกอินก่อน ::
  ล็อกอิน

รายการสื่อสารสนเทศ

ลำดับที่ ประเภท เลขเรียก/บาร์โค้ด สถานที่ สถานะ
1. นวนิยาย
นวนิยาย
นว. อ998ค ฉ.1 
  Barcode: 028014
ห้องสมุดวิทยาเขตสวรรค์ประชารักษ์
►นวนิยาย
บนชั้น
  ขอยืม

รายการใกล้เคียง
    ผู้แต่ง [ไอศิยา]

BibComment


ยังไม่เคยถูกคอมเมนท์

คอมเมนท์ทรัพยากรรายการนี้
  คอมเมนท์: คลื่นรีักทะเลปรวน..


 Copyright 2026. Bcnsprnw @Library